Sar e Hayat / (Record no. 565222)

000 -LEADER
fixed length control field 00316nam a2200121Ia 4500
008 - FIXED-LENGTH DATA ELEMENTS--GENERAL INFORMATION
fixed length control field 210430s9999 xx 000 0 und d
082 ## - DEWEY DECIMAL CLASSIFICATION NUMBER
Classification number 297 M9631S
100 ## - MAIN ENTRY--PERSONAL NAME
Personal name Muhammad Munir
9 (RLIN) 54596
245 ## - TITLE STATEMENT
Title Sar e Hayat /
Statement of responsibility, etc. Muhammad Munir
260 ## - PUBLICATION, DISTRIBUTION, ETC.
Place of publication, distribution, etc. Rawalpindi
Name of publisher, distributor, etc. Imtiazi Printers
Date of publication, distribution, etc. 1979
300 ## - PHYSICAL DESCRIPTION
Extent 317
942 ## - ADDED ENTRY ELEMENTS (KOHA)
Koha item type Book
Source of classification or shelving scheme
Holdings
Withdrawn status Lost status Damaged status Not for loan Collection code Permanent Location Current Location Shelving location Date acquired Total Checkouts Full call number Barcode Date last seen Price effective from Koha item type
          School of Chemical & Materials Engineering (SCME) School of Chemical & Materials Engineering (SCME) General Stacks 06/15/4   297 M9631S SCME-4511 04/30/2021 04/30/2021 Book
© 2023 Central Library, National University of Sciences and Technology. All Rights Reserved.